000 00436 a2200121 4500
001 ART_45093
005 20260410162038.0
008 260409a
245 1 0 _aImpacto de la crisis internacional sobre nuevos sectores dinámicos de la economía regional
100 1 _aSchinelli, Daniel
700 1 _aVacca, Carlos
773 0 _tRevista de estudios regionales y mercado de trabajo
_g- Nº 5 (ene./dic. 2009)
_wREV44894
999 _c34663
_d34663